al-Inshād fī al-ḥaḍrah al-Ṣūfīyah wafqan lil-ṭarīqah al-Ḥāmidīyah al-Shādhilīyah /

محفوظ في:

المؤلف الرئيسي: Jamīl, Sulaymān (مؤلف)

مؤلفون آخرون: ʻUways, Sayyid, 1913-

التنسيق: كتاب

اللغة: Arabic

منشور في: [al-Qāhirah : Maṭbaʻat al-Kīlānī], 1970.

الموضوعات:

الوسوم: إضافة وسم

لا توجد وسوم, كن أول من يضع وسما على هذه التسجيلة!

رقم الطلب: ML3051 .E34 J3 1970

LEADER 01379nam a2200241Ia 4500
003 OSt
005 20230810124652.0
008 130303s1970 ua acg 000 0 ara d
952 |0 0  |1 0  |2 lcc  |4 0  |6 ML3051 E34 J3 01970  |7 1  |9 49532  |a ARCE  |b ARCE  |d 2023-08-10  |l 0  |o ML3051 .E34 J3 1970  |p 1022646  |r 2023-08-10 00:00:00  |w 2023-08-10  |y BK 
999 |c 30351  |d 30351 
040 |c ARCE Library 
043 |a f-ua--- 
050 4 |a ML3051 .E34 J3 1970 
100 1 |6 880-01  |a Jamīl, Sulaymān,  |e author 
245 1 3 |6 880-02  |a al-Inshād fī al-ḥaḍrah al-Ṣūfīyah wafqan lil-ṭarīqah al-Ḥāmidīyah al-Shādhilīyah /   |c Taʼlīf Sulaymān Jamīl ; Taqdīm Sayyid ʻUways. 
264 1 |a [al-Qāhirah :   |b Maṭbaʻat al-Kīlānī],   |c 1970. 
300 |a 61 pages :   |b illustrations, music, portrait ;   |c 24 cm. 
650 0 |a Sufism  |z Egypt. 
700 1 |a ʻUways, Sayyid,  |d 1913-  
880 1 |6 100-01/(3/r  |a جميل، سليمان 
880 1 2 |6 245-02/(3/r  |a الإنشاد في الحضرة الصوفية وفقا للطريقة الحامدية الشاذلية   |c تأليف سليمان جميل ؛ تقديم سيد عويس.‪‪‪‪‪‪‪‪‪‪‪‪‪‪‪‪‪‪‪‪‪‪‪‪‪‪‪‪‪‪‪‪‪‪‪‪‪‪‪‪‪‪‪‪‪‪‪‪‪‪‪‪‪‪‪‪‪‪‪‪‪‪‪‪‪‪‪‪‪‪‪‪‪‪‪‪‪‪‪ 
901 |a reviewed 
942 |c BK  |2 lcc